Normal view
MARC view
Entry Topical Term
001 - CONTROL NUMBER
- control field: 31535
003 - CONTROL NUMBER IDENTIFIER
- control field: OSt
005 - DATE AND TIME OF LATEST TRANSACTION
- control field: 20140922100048.0
008 - FIXED-LENGTH DATA ELEMENTS
- fixed length control field: 140922|| aca||aabn | a|a d
040 ## - CATALOGING SOURCE
- Original cataloging agency: OSt
- Transcribing agency: OSt
600 ## -
- : MMPI
670 ## - SOURCE DATA FOUND
- Source citation: Work cat.: (OSt)0: Graham, John R. (John Robert), 1940- 31533, MMPI-2 :, 1993.
